000 00522nam a2200181Ia 4500
003 GCL
008 140319s9999 xx 000 0 aSpa d
040 _aGCL /
_cGCL
082 0 4 _a892.76
_bN E
100 1 _aNAGUIB MAHFOUZ
245 1 0 _aEL CALLEJON DE LOS MILAGROS (SPANISH LANGUAGE) /
_cNAGUIB MAHFOUZ
260 _a[S.N] :
_bTHE AMERICAN UNIVERSITY IN CAIRO PRESS ،
_c1988
300 _a299 P
650 0 4 _aLITERATURE
650 0 4 _aARABIC FICTION
650 0 4 _aARABIC LITERATURE - TRANSLATION
942 _2ddc
_cBK
999 _c18400
_d18400